[Event "Titled Tuesday intern op 14th Jan Early"]
[Site "Chess.com INT"]
[Date "2025.01.14"]
[Round "5"]
[White "Hilkevich, Zahar"]
[Black "Timmermans, Mark"]
[Result "0-1"]
[WhiteElo "2022"]
[BlackElo "2404"]
[PlyCount "130"]
[EventDate "2025.01.14"]
[EventType "swiss (blitz)"]
[EventRounds "11"]
[EventCountry "USA"]
[SourceTitle "CB04_2025"]
[SourceDate "2025.01.22"]
[SourceVersion "1"]
[SourceVersionDate "2025.01.22"]
[SourceQuality "1"]

1. d4 Nf6 2. c4 e6 3. Nc3 Bb4 4. e3 Ne4 5. Nge2 0-0 6. Qc2 f5 7. a3 Bxc3+ 8. Nxc3 Nxc3 9. Qxc3 b6 10. Be2 Bb7 11. Bf3 Bxf3 12. gxf3 d6 13. b3 Nd7 14. Bb2 f4 15. e4 e5 16. 0-0-0 Qe7 17. h4 exd4 18. Qxd4 Ne5 19. Rdg1 Rf7 20. Qd5 Re8 21. Bxe5 Qxe5 22. Kc2 Qxd5 23. cxd5 c5 24. dxc6 Rc8 25. Kb2 Rxc6 26. Rc1 Rc5 27. Rhd1 Rf6 28. b4 Rxc1 29. Rxc1 h5 30. Rc8+ Rf8 31. Rc7 Rf7 32. Rc8+ Kh7 33. Rd8 g5 34. hxg5 Kg6 35. Rxd6+ Kxg5 36. Rd5+ Kg6 37. Kc3 h4 38. Kd4 h3 39. Ke5 h2 40. Rd6+ Kg5 41. Rd1 Re7+ 42. Kd6 Rh7 43. Rh1 Kf6 44. e5+ Kf5 45. e6 Rh6 46. Kd5 Kf6 47. Kd6 Rh7 48. e7 Rxe7 49. Rxh2 Re2 50. Kc6 Ra2 51. Kb5 Rxa3 52. Rh7 a5 53. bxa5 bxa5 54. Rh2 Ke5 55. Kc4 a4 56. Rh5+ Kf6 57. Ra5 Ra2 58. Kd4 Rxf2 59. Rxa4 Kg5 60. Ra3 Kh4 61. Ke4 Kg3 62. Ra8 Re2+ 63. Kd3 Kxf3 64. Rf8 Re7 65. Kd2 Kg3 0-1

[Event "Titled Tuesday intern op 14th Jan Early"]
[Site "Chess.com INT"]
[Date "2025.01.14"]
[Round "6"]
[White "Timmermans, Mark"]
[Black "Jimenez Salas, Maria Teresa"]
[Result "0-1"]
[WhiteElo "2404"]
[BlackElo "2113"]
[PlyCount "50"]
[EventDate "2025.01.14"]
[EventType "swiss (blitz)"]
[EventRounds "11"]
[EventCountry "USA"]
[SourceTitle "CB04_2025"]
[SourceDate "2025.01.22"]
[SourceVersion "1"]
[SourceVersionDate "2025.01.22"]
[SourceQuality "1"]

1. b4 d5 2. Bb2 Nf6 3. b5 e6 4. e3 Be7 5. c4 c6 6. a4 0-0 7. Nf3 a6 8. Be2 axb5 9. axb5 Rxa1 10. Bxa1 dxc4 11. Bxc4 cxb5 12. Bxb5 Qa5 13. Nc3 Bd7 14. Be2 Nc6 15. 0-0 Ne5 16. Nxe5 Qxe5 17. Qb3 Bc6 18. h3 Qg5 19. f3 Bd6 20. Nb5 Bb8 21. Rf2 Qg3 22. f4 Ne4 23. Rf3 Qe1+ 24. Rf1 Qxe2 25. Qb2 Nf6 0-1

[Event "Titled Tuesday intern op 26th Nov Late"]
[Site "Chess.com INT"]
[Date "2024.11.26"]
[Round "11"]
[White "Abrashkin, Boris Vladimirovich"]
[Black "Timmermans, Mark"]
[Result "1/2-1/2"]
[WhiteElo "2407"]
[BlackElo "2401"]
[PlyCount "102"]
[EventDate "2024.11.26"]
[EventType "swiss (blitz)"]
[EventRounds "11"]
[EventCountry "USA"]
[SourceTitle "CB49_2024"]
[SourceDate "2024.12.04"]
[SourceVersion "1"]
[SourceVersionDate "2024.12.04"]
[SourceQuality "1"]

1. d4 Nf6 2. c4 e6 3. Nc3 Bb4 4. Bg5 c5 5. d5 h6 6. Bh4 exd5 7. cxd5 d6 8. e3 g5 9. Bg3 Ne4 10. Bb5+ Kf8 11. Nge2 Qf6 12. 0-0 Nxc3 13. bxc3 Ba5 14. f4 g4 15. e4 h5 16. e5 Qe7 17. exd6 Qf6 18. Qa4 Bb6 19. d7 Bxd7 20. Bxd7 Nxd7 21. Qxd7 Rd8 22. Qxb7 h4 23. Bf2 g3 24. hxg3 h3 25. gxh3 Rxh3 26. d6 Qxd6 27. Rad1 Qh6 28. Rxd8+ Bxd8 29. Rd1 Bb6 30. Qg2 Qe6 31. Re1 Rh6 32. c4 Qxc4 33. f5 Qc2 34. Nf4 c4 35. Bxb6 Qxf5 36. Bf2 Rd6 37. Rf1 c3 38. Qh3 Qe5 39. Qh4 c2 40. Qg4 Qb2 41. Qc8+ Kg7 42. Ne2 Rd1 43. Bd4+ Rxd4 44. Nxd4 Qxd4+ 45. Kg2 Qe4+ 46. Kg1 Qe3+ 47. Kg2 Qe4+ 48. Kh3 Qh7+ 49. Kg4 Qe4+ 50. Kh3 Qh7+ 51. Kg2 Qe4+ 1/2-1/2

[Event "Titled Tuesday intern op 26th Nov Late"]
[Site "Chess.com INT"]
[Date "2024.11.26"]
[Round "7"]
[White "Szpar, Milosz"]
[Black "Timmermans, Mark"]
[Result "1-0"]
[WhiteElo "2477"]
[BlackElo "2401"]
[PlyCount "99"]
[EventDate "2024.11.26"]
[EventType "swiss (blitz)"]
[EventRounds "11"]
[EventCountry "USA"]
[SourceTitle "CB49_2024"]
[SourceDate "2024.12.04"]
[SourceVersion "1"]
[SourceVersionDate "2024.12.04"]
[SourceQuality "1"]

1. e4 e5 2. Nf3 Nc6 3. Bb5 f5 4. d3 fxe4 5. dxe4 Nf6 6. 0-0 d6 7. Qd3 Be7 8. Nc3 0-0 9. Be3 Kh8 10. h3 Qe8 11. Nd5 Bd8 12. Bg5 Qf7 13. Bc4 Nxd5 14. Bxd5 Qg6 15. Bxd8 Nxd8 16. Nh4 Qf6 17. Qg3 Ne6 18. Bxe6 Bxe6 19. Rfe1 a5 20. a4 Qf4 21. Re3 Qxg3 22. fxg3 Rf7 23. Nf3 h6 24. Kf2 g5 25. g4 Kg7 26. Kg3 Rf4 27. b3 Bd7 28. Rae1 Raf8 29. R1e2 Bc6 30. Nd2 b6 31. Rc3 Bb7 32. Rxc7+ R8f7 33. Rxf7+ Kxf7 34. Rf2 Ke6 35. Rxf4 exf4+ 36. Kf3 d5 37. exd5+ Bxd5+ 38. Kf2 Ke5 39. c3 Kd6 40. g3 fxg3+ 41. Kxg3 Kc5 42. h4 Bxb3 43. Nxb3+ Kc4 44. Nd4 Kxc3 45. Nf5 Kb4 46. h5 Kxa4 47. Nxh6 Kb4 48. Nf5 a4 49. h6 a3 50. h7 1-0

[Event "Titled Tuesday intern op 24th Sep Early"]
[Site "Chess.com INT"]
[Date "2024.09.24"]
[Round "4"]
[White "Malyshev, Vasilij"]
[Black "Timmermans, Mark"]
[Result "1-0"]
[WhiteElo "2353"]
[BlackElo "2399"]
[PlyCount "111"]
[EventDate "2024.09.24"]
[EventType "swiss (blitz)"]
[EventRounds "11"]
[EventCountry "USA"]
[SourceTitle "EXT 2025"]
[Source "ChessBase"]
[SourceDate "2024.10.14"]
[SourceVersion "1"]
[SourceVersionDate "2024.10.14"]
[SourceQuality "1"]

1. d4 Nf6 2. c4 e6 3. Nc3 Bb4 4. Qc2 0-0 5. e4 d5 6. e5 Ne4 7. Bd3 c5 8. Nge2 Nc6 9. cxd5 exd5 10. 0-0 cxd4 11. Nxd5 Qxd5 12. Bxe4 Qxe5 13. a3 Bd6 14. Bxh7+ Kh8 15. Bf4 Qf6 16. Bxd6 Qxd6 17. Be4 Bd7 18. Rfd1 g6 19. Bxc6 Bxc6 20. Nxd4 Qf6 21. Nxc6 bxc6 22. Rac1 Rfc8 23. Qc3 Kg7 24. Qxf6+ Kxf6 25. Rc5 Ke6 26. h4 a5 27. g3 a4 28. Kg2 Rab8 29. Rd2 Rb5 30. Rc4 Ra5 31. Rdd4 Rb5 32. Rb4 c5 33. Re4+ Kd5 34. Rxb5 Kxe4 35. Ra5 Rb8 36. Rxa4+ Kd3 37. Ra7 Rxb2 38. Rxf7 c4 39. Rd7+ Ke4 40. Rc7 Kd3 41. Rc6 c3 42. Rd6+ Kc4 43. Rxg6 Rb5 44. Rc6+ Rc5 45. Re6 c2 46. Re1 Kd3 47. g4 Kd2 48. Ra1 Rb5 49. h5 Kc3 50. Rc1 Kb2 51. Rxc2+ Kxc2 52. h6 Kd3 53. h7 Rb8 54. g5 Ke4 55. g6 Rb6 56. h8Q 1-0

[Event "Titled Tuesday intern op 24th Sep Early"]
[Site "Chess.com INT"]
[Date "2024.09.24"]
[Round "1"]
[White "Timmermans, Mark"]
[Black "Bonin, Jay R"]
[Result "1-0"]
[WhiteElo "2399"]
[BlackElo "2129"]
[PlyCount "57"]
[EventDate "2024.09.24"]
[EventType "swiss (blitz)"]
[EventRounds "11"]
[EventCountry "USA"]
[SourceTitle "EXT 2025"]
[Source "ChessBase"]
[SourceDate "2024.10.14"]
[SourceVersion "1"]
[SourceVersionDate "2024.10.14"]
[SourceQuality "1"]

1. b4 d5 2. Bb2 Bg4 3. Nf3 Bxf3 4. exf3 c6 5. c4 e6 6. a4 Nf6 7. b5 Nbd7 8. Be2 Bd6 9. 0-0 0-0 10. d4 e5 11. Nd2 exd4 12. Bxd4 Be5 13. Bxe5 Nxe5 14. f4 Ng6 15. g3 Re8 16. Bf3 a5 17. cxd5 cxd5 18. Nb3 Rc8 19. Qd2 b6 20. Rac1 Rc4 21. Nd4 Rxa4 22. Nc6 Qd6 23. Rfe1 Ne4 24. Qc2 Ra3 25. Bxe4 dxe4 26. Rxe4 Rxe4 27. Qxe4 Nf8 28. Qe7 Qd2 29. Qxa3 1-0

[Event "Rotterdam blitz Final AB"]
[Site "Rotterdam"]
[Date "2024.09.14"]
[Round "7"]
[White "Ondersteijn, Niels"]
[Black "Timmermans, Mark"]
[Result "1/2-1/2"]
[WhiteElo "2347"]
[BlackElo "2399"]
[PlyCount "113"]
[EventDate "2024.09.14"]
[EventType "tourn"]
[EventRounds "11"]
[EventCountry "NED"]
[EventCategory "3"]
[SourceTitle "EXT 2025"]
[Source "ChessBase"]
[SourceDate "2024.10.14"]
[SourceVersion "1"]
[SourceVersionDate "2024.10.14"]
[SourceQuality "1"]

1. c4 Nf6 2. g3 e6 3. Bg2 d5 4. Nf3 Be7 5. 0-0 0-0 6. b3 b6 7. Bb2 Bb7 8. cxd5 Nxd5 9. d4 Nd7 10. Re1 c5 11. e4 N5f6 12. Nc3 cxd4 13. Nxd4 Ne5 14. Qe2 Rc8 15. Rad1 Qc7 16. f4 Nc6 17. Ndb5 Qb8 18. e5 Ne8 19. Ne4 Rd8 20. Ned6 Nxd6 21. exd6 Bxd6 22. Nxd6 Rxd6 23. Qg4 f6 24. Rxd6 Qxd6 25. Qxe6+ Qxe6 26. Rxe6 Nd8 27. Re7 Rf7 28. Re8+ Rf8 29. Rxf8+ Kxf8 30. Ba3+ Kf7 31. Bf1 Ke6 32. Kf2 Bd5 33. Ke3 Nc6 34. Bh3+ f5 35. Bb2 g6 36. Bc3 a5 37. g4 a4 38. gxf5+ gxf5 39. bxa4 Bxa2 40. Bg2 Bd5 41. Bf1 Bb3 42. Bb5 Ne7 43. Bd4 Nd5+ 44. Kf3 Bd1+ 45. Kg3 Kd6 46. Be5+ Ke6 47. Kh4 h6 48. Kg3 Nf6 49. Bc7 Nd5 50. Bd8 Kd6 51. Be8 Nc3 52. Bxb6 Bxa4 53. Bg6 Bc2 54. Ba5 Ne4+ 55. Kh4 Nf6 56. Bc3 Ke6 57. Bxf6 1/2-1/2

[Event "Rotterdam blitz Final AB"]
[Site "Rotterdam"]
[Date "2024.09.14"]
[Round "6"]
[White "Timmermans, Mark"]
[Black "Bijlsma, Nick"]
[Result "1-0"]
[WhiteElo "2399"]
[BlackElo "2276"]
[PlyCount "141"]
[EventDate "2024.09.14"]
[EventType "tourn"]
[EventRounds "11"]
[EventCountry "NED"]
[EventCategory "3"]
[SourceTitle "EXT 2025"]
[Source "ChessBase"]
[SourceDate "2024.10.14"]
[SourceVersion "1"]
[SourceVersionDate "2024.10.14"]
[SourceQuality "1"]

1. b4 e5 2. Bb2 d6 3. e3 Nf6 4. a4 g6 5. c4 Bg7 6. b5 0-0 7. Nf3 e4 8. Nd4 c5 9. Nc2 Re8 10. Be2 h5 11. 0-0 h4 12. h3 Bf5 13. d3 Qe7 14. Nc3 Nbd7 15. dxe4 Nxe4 16. Nd5 Qg5 17. f4 Qd8 18. Bxg7 Kxg7 19. Bd3 Ndf6 20. Nxf6 Qxf6 21. Ra3 Re7 22. Qa1 Rae8 23. Qxf6+ Kxf6 24. Rd1 Re6 25. a5 Rg8 26. Ne1 g5 27. fxg5+ Nxg5 28. Bxf5 Kxf5 29. Kf1 Ne4 30. Nf3 Rh8 31. Rd5+ Kf6 32. Rad3 Ng3+ 33. Ke1 Nf5 34. Kf2 Rhe8 35. Nh2 Kg6 36. Ng4 Re4 37. Rc3 R8e6 38. Kf3 Ne7 39. Rdd3 f5 40. Nf2 R4e5 41. Rd2 Ng8 42. Nd3 Re4 43. Nf4+ Rxf4+ 44. exf4 Nf6 45. Rcd3 Ne4 46. Re2 Kf6 47. Rd5 Kg6 48. Re3 Kf6 49. Rd1 Re8 50. Ke2 Nc3+ 51. Kd2 Rxe3 52. Rc1 Na2 53. Rd1 Rg3 54. Ke1 Rxg2 55. Rxd6+ Ke7 56. Rh6 Nb4 57. Rh7+ Kf6 58. Rxb7 Nd3+ 59. Kf1 Rc2 60. Rxa7 Nxf4 61. b6 Rb2 62. Rh7 Nxh3 63. b7 Ng5 64. a6 Nxh7 65. a7 Rxb7 66. a8Q Rf7 67. Qc6+ Kg5 68. Qxc5 Nf6 69. Qe3+ f4 70. Qe5+ Kg4 71. Qe6+ 1-0

[Event "Rotterdam blitz Final AB"]
[Site "Rotterdam"]
[Date "2024.09.14"]
[Round "4"]
[White "Timmermans, Mark"]
[Black "Van Batenburg, Mees"]
[Result "1-0"]
[WhiteElo "2399"]
[BlackElo "2214"]
[PlyCount "87"]
[EventDate "2024.09.14"]
[EventType "tourn"]
[EventRounds "11"]
[EventCountry "NED"]
[EventCategory "3"]
[SourceTitle "EXT 2025"]
[Source "ChessBase"]
[SourceDate "2024.10.14"]
[SourceVersion "1"]
[SourceVersionDate "2024.10.14"]
[SourceQuality "1"]

1. b4 e5 2. Bb2 d6 3. e3 f5 4. c4 Nf6 5. a4 Be7 6. b5 0-0 7. Nf3 a6 8. Be2 axb5 9. axb5 Rxa1 10. Bxa1 b6 11. 0-0 Bb7 12. d4 e4 13. Nfd2 Nbd7 14. Nc3 Qa8 15. Bb2 d5 16. Qb3 Kh8 17. Ra1 dxc4 18. Nxc4 Qe8 19. Ne5 Nxe5 20. dxe5 Nd7 21. Nd5 Nc5 22. Qc4 Qd7 23. Rd1 Rd8 24. Nc3 Qe8 25. Rd4 c6 26. Ba3 cxb5 27. Qxb5 Qc6 28. Qb1 Ra8 29. Bb5 Qe6 30. Bc4 Qxe5 31. Qxb6 h6 32. Bb2 Rb8 33. Nb5 Ba6 34. Rd8+ Bxd8 35. Qxh6+ gxh6 36. Bxe5+ Bf6 37. Bxb8 Bxb5 38. Bxb5 Kg7 39. Bd6 Ne6 40. Bd7 Kf7 41. g3 Ng7 42. h4 Kg6 43. Kf1 Nh5 44. Be8+ 1-0

[Event "Titled Tuesday intern op 10th Sep Early"]
[Site "Chess,com INT"]
[Date "2024.09.10"]
[Round "3"]
[White "Bambino Filho, Antonio Carlos"]
[Black "Timmermans, Mark"]
[Result "0-1"]
[WhiteElo "2168"]
[BlackElo "2399"]
[PlyCount "60"]
[EventDate "2024.09.10"]
[EventType "swiss (blitz)"]
[EventRounds "11"]
[EventCountry "USA"]
[SourceTitle "EXT 2025"]
[Source "ChessBase"]
[SourceDate "2024.10.14"]
[SourceVersion "1"]
[SourceVersionDate "2024.10.14"]
[SourceQuality "1"]

1. d4 Nf6 2. c4 e6 3. Nf3 d5 4. g3 Be7 5. Bg2 0-0 6. 0-0 dxc4 7. Qc2 b5 8. a4 b4 9. Qxc4 Ba6 10. Qc2 Nbd7 11. Bg5 c5 12. Rd1 Rc8 13. Qd2 Ne4 14. Bxe7 Qxe7 15. Qe3 Nef6 16. d5 Qd6 17. Nh4 Rfe8 18. Qc1 Bxe2 19. Rd2 exd5 20. Nf5 Qe5 21. Ne3 Ba6 22. Rd1 d4 23. Nf1 c4 24. Nbd2 d3 25. Nf3 Qc5 26. Qf4 Nd5 27. Qg4 N7f6 28. Qh4 c3 29. bxc3 bxc3 30. Ng5 h6 0-1

[Event "Titled Tuesday intern op 27th Aug Late"]
[Site "Chess.com INT"]
[Date "2024.08.27"]
[Round "3"]
[White "Komliakov, Viktor"]
[Black "Timmermans, Mark"]
[Result "0-1"]
[WhiteElo "2372"]
[BlackElo "2399"]
[PlyCount "90"]
[EventDate "2024.08.27"]
[EventType "swiss (blitz)"]
[EventRounds "11"]
[EventCountry "USA"]
[SourceTitle "EXT 2025"]
[Source "ChessBase"]
[SourceDate "2024.10.14"]
[SourceVersion "1"]
[SourceVersionDate "2024.10.14"]
[SourceQuality "1"]

1. e4 e5 2. Nf3 Nc6 3. Bb5 f5 4. Qe2 fxe4 5. Qxe4 Nf6 6. Qe2 Bd6 7. 0-0 0-0 8. Qc4+ Kh8 9. Ng5 Qe8 10. Nc3 Nd4 11. Nge4 Nxe4 12. Nxe4 a6 13. Ba4 Qg6 14. Nxd6 Qxd6 15. Bb3 Rb8 16. Qd3 b5 17. f3 Qb6 18. Qe3 d6 19. d3 c5 20. c3 Nf5 21. Qf2 a5 22. Bd5 Bb7 23. Bxb7 Qxb7 24. Bd2 a4 25. Rae1 Qd5 26. Qe2 Qxa2 27. Bc1 b4 28. cxb4 Nd4 29. Qe4 cxb4 30. f4 a3 31. bxa3 bxa3 32. fxe5 dxe5 33. Qxe5 Nc2 34. Qd6 Rfd8 35. Qe6 Qxe6 36. Rxe6 a2 37. Bf4 Rb1 38. Be5 Rf8 39. g3 Rbxf1+ 40. Kg2 a1Q 41. Bxa1 Rxa1 42. Rc6 Ne3+ 43. Kh3 Ra5 44. g4 Rf3+ 45. Kh4 Ng2# 0-1

[Event "Titled Tuesday intern op 27th Aug Late"]
[Site "Chess.com INT"]
[Date "2024.08.27"]
[Round "11"]
[White "Pribelszky, Bence Daniel"]
[Black "Timmermans, Mark"]
[Result "0-1"]
[WhiteElo "2368"]
[BlackElo "2399"]
[PlyCount "64"]
[EventDate "2024.08.27"]
[EventType "swiss (blitz)"]
[EventRounds "11"]
[EventCountry "USA"]
[SourceTitle "EXT 2025"]
[Source "ChessBase"]
[SourceDate "2024.10.14"]
[SourceVersion "1"]
[SourceVersionDate "2024.10.14"]
[SourceQuality "1"]

1. d4 Nf6 2. Nf3 e6 3. Bf4 d5 4. e3 Bd6 5. Bg3 0-0 6. Bd3 b6 7. Qe2 Bb7 8. c3 Nbd7 9. Nbd2 Ne4 10. Bxd6 cxd6 11. h4 f5 12. 0-0-0 a5 13. Kb1 Ndf6 14. Ng5 Qe7 15. Rh3 h6 16. Ngf3 e5 17. Nh2 Bc8 18. f4 Ng4 19. Rf1 Nxh2 20. Rxh2 Ng3 21. Qf2 Nxf1 22. Qxf1 e4 23. Be2 Bd7 24. h5 b5 25. Bxb5 Bxb5 26. Qxb5 Qe6 27. Qa4 Rfb8 28. Rh3 Qe8 29. Qa3 Qb5 30. Kc1 Ra6 31. Rg3 Qe2 32. Qa4 Qe1+ 0-1

[Event "Titled Tuesday intern op 27th Aug Late"]
[Site "Chess.com INT"]
[Date "2024.08.27"]
[Round "1"]
[White "Shymanskyi, Oleksandr"]
[Black "Timmermans, Mark"]
[Result "1-0"]
[WhiteElo "2284"]
[BlackElo "2399"]
[PlyCount "109"]
[EventDate "2024.08.27"]
[EventType "swiss (blitz)"]
[EventRounds "11"]
[EventCountry "USA"]
[SourceTitle "EXT 2025"]
[Source "ChessBase"]
[SourceDate "2024.10.14"]
[SourceVersion "1"]
[SourceVersionDate "2024.10.14"]
[SourceQuality "1"]

1. b3 d5 2. Bb2 Bg4 3. f3 Bh5 4. e4 dxe4 5. Qe2 c6 6. Qxe4 Nd7 7. Qe2 e6 8. Nc3 Ngf6 9. Nh3 Bd6 10. Nf2 Qa5 11. Nfe4 Ba3 12. 0-0-0 Nxe4 13. Nxe4 0-0 14. g4 Bg6 15. Bg2 Rfd8 16. Kb1 Bxb2 17. Kxb2 Nc5 18. d4 Nxe4 19. fxe4 e5 20. c3 exd4 21. cxd4 Qb4 22. Qd2 Qe7 23. Qf4 Rd7 24. Rd2 Rad8 25. Rhd1 Qb4 26. a3 Qb6 27. e5 Re8 28. h4 h6 29. g5 h5 30. Be4 Bxe4 31. Qxe4 g6 32. Qf4 Qd8 33. b4 Qe7 34. Rf1 Red8 35. Kc3 Qe6 36. Qf6 Qxf6 37. Rxf6 Re8 38. Re2 Red8 39. Re4 Re8 40. Kc4 Rd5 41. e6 fxe6 42. Rexe6 Rxe6 43. Rxe6 Kf7 44. Rf6+ Kg7 45. Re6 Rd7 46. a4 a6 47. Re5 Kf7 48. d5 cxd5+ 49. Rxd5 Ke6 50. Rxd7 Kxd7 51. Kc5 Kc7 52. a5 Kc8 53. Kd6 Kd8 54. Ke6 Kc7 55. Kf6 1-0

[Event "Titled Tuesday intern op 13th Aug Late"]
[Site "Chess.com INT"]
[Date "2024.08.13"]
[Round "8"]
[White "Timmermans, Mark"]
[Black "Lymar, Vladislav"]
[Result "1/2-1/2"]
[WhiteElo "2399"]
[BlackElo "2184"]
[PlyCount "144"]
[EventDate "2024.08.13"]
[EventType "swiss (blitz)"]
[EventRounds "11"]
[EventCountry "USA"]
[SourceTitle "EXT 2025"]
[Source "ChessBase"]
[SourceDate "2024.10.14"]
[SourceVersion "1"]
[SourceVersionDate "2024.10.14"]
[SourceQuality "1"]

1. b4 e5 2. Bb2 Bxb4 3. Bxe5 Nf6 4. Nc3 0-0 5. Bxf6 Qxf6 6. Nd5 Qd6 7. c4 Nc6 8. Nf3 Bc5 9. e3 Ne7 10. Nxe7+ Qxe7 11. Be2 b5 12. cxb5 a6 13. bxa6 Bxa6 14. 0-0 Qe6 15. d4 Ba3 16. Bxa6 Rxa6 17. Qc2 c6 18. Ne5 Rfa8 19. h3 Bd6 20. Nc4 Bc7 21. a4 Qe8 22. Rfb1 Qe7 23. Nd2 h6 24. d5 Qd6 25. dxc6 Qh2+ 26. Kf1 Rxc6 27. Qe4 Ba5 28. Nf3 Qh1+ 29. Ng1 Rac8 30. Ke2 Rc4 31. Qd5 Rc2+ 32. Kf3 R2c5 33. Qxd7 Bc3 34. Ne2 Qh2 35. Ng3 Bxa1 36. Rh1 Qxh1 37. Nxh1 Be5 38. Ng3 Bxg3 39. Kxg3 R5c7 40. Qd1 Ra8 41. h4 Rca7 42. Kh2 Rxa4 43. g3 Ra1 44. Qd5 R1a2 45. Kg2 R2a5 46. Qc6 R5a6 47. Qf3 Rb8 48. Qf4 Rb2 49. Qd4 Raa2 50. Qd8+ Kh7 51. Qd3+ g6 52. Qf1 Kg7 53. Kf3 Kf6 54. Qe1 Rxf2+ 55. Qxf2 Rxf2+ 56. Kxf2 Kf5 57. Kf3 Ke5 58. g4 f6 59. Kf2 Ke4 60. Ke2 h5 61. gxh5 gxh5 62. Kf2 f5 63. Ke2 f4 64. exf4 Kxf4 65. Kf2 Kg4 66. Kg2 Kxh4 67. Kh2 Kg4 68. Kh1 h4 69. Kh2 h3 70. Kh1 Kg3 71. Kg1 h2+ 72. Kh1 Kh3 1/2-1/2

[Event "Titled Tuesday intern op 23rd Jul Late"]
[Site "Chess.com INT"]
[Date "2024.07.23"]
[Round "6"]
[White "Dominguez Perez, Leinier"]
[Black "Timmermans, Mark"]
[Result "1/2-1/2"]
[WhiteElo "2748"]
[BlackElo "2399"]
[PlyCount "55"]
[EventDate "2024.07.23"]
[EventType "swiss (blitz)"]
[EventRounds "11"]
[EventCountry "USA"]
[SourceTitle "EXT 2025"]
[Source "ChessBase"]
[SourceDate "2024.10.14"]
[SourceVersion "1"]
[SourceVersionDate "2024.10.14"]
[SourceQuality "1"]

1. e4 e5 2. Nf3 Nc6 3. Bc4 Nf6 4. d3 Be7 5. 0-0 0-0 6. a4 d6 7. a5 a6 8. c3 Kh8 9. Re1 Ng8 10. d4 f5 11. dxe5 fxe4 12. Rxe4 Rxf3 13. gxf3 Nxe5 14. Rxe5 dxe5 15. Qxd8 Bxd8 16. Be3 Nf6 17. Nd2 Bh3 18. Ne4 Nxe4 19. fxe4 Be7 20. f3 Rf8 21. Kf2 Bh4+ 22. Ke2 Bg2 23. Bc5 Bxf3+ 24. Ke3 Bg5+ 25. Kf2 Bh4+ 26. Ke3 Bg5+ 27. Kf2 Bh4+ 28. Ke3 1/2-1/2

[Event "Titled Tuesday intern op 23rd Jul Late"]
[Site "Chess.com INT"]
[Date "2024.07.23"]
[Round "1"]
[White "Mikhalsky, Vladimir"]
[Black "Timmermans, Mark"]
[Result "0-1"]
[WhiteElo "2219"]
[BlackElo "2399"]
[PlyCount "74"]
[EventDate "2024.07.23"]
[EventType "swiss (blitz)"]
[EventRounds "11"]
[EventCountry "USA"]
[SourceTitle "EXT 2025"]
[Source "ChessBase"]
[SourceDate "2024.10.14"]
[SourceVersion "1"]
[SourceVersionDate "2024.10.14"]
[SourceQuality "1"]

1. c4 Nf6 2. Nc3 e6 3. e4 e5 4. Nge2 g6 5. d4 exd4 6. Nxd4 Bg7 7. Be3 0-0 8. Be2 d6 9. f3 Nc6 10. Qd2 Re8 11. 0-0 Be6 12. Nxe6 fxe6 13. f4 e5 14. f5 Nd4 15. Bd3 gxf5 16. exf5 Kh8 17. Bg5 Qd7 18. Ne4 Rf8 19. Kh1 Nxe4 20. Bxe4 Nxf5 21. Bxb7 Rab8 22. Be4 Nd4 23. h3 c6 24. b3 d5 25. cxd5 cxd5 26. Bd3 e4 27. Ba6 Qc6 28. Qa5 Ne6 29. Rac1 Qd6 30. Bd2 d4 31. Bc4 e3 32. Bb4 Rxb4 33. Bxe6 Rxf1+ 34. Rxf1 e2 35. Re1 d3 36. Qxa7 d2 37. Qa8+ Rb8 0-1

[Event "Titled Tuesday intern op 23rd Jul Late"]
[Site "Chess.com INT"]
[Date "2024.07.23"]
[Round "10"]
[White "Timmermans, Mark"]
[Black "Shapiro, Viktor"]
[Result "1-0"]
[WhiteElo "2399"]
[BlackElo "2074"]
[PlyCount "87"]
[EventDate "2024.07.23"]
[EventType "swiss (blitz)"]
[EventRounds "11"]
[EventCountry "USA"]
[SourceTitle "EXT 2025"]
[Source "ChessBase"]
[SourceDate "2024.10.14"]
[SourceVersion "1"]
[SourceVersionDate "2024.10.14"]
[SourceQuality "1"]

1. b4 Nf6 2. Bb2 e6 3. b5 a6 4. a4 axb5 5. axb5 Rxa1 6. Bxa1 c5 7. c4 b6 8. e3 Bb7 9. Nf3 d5 10. Be2 Nbd7 11. 0-0 Bd6 12. d4 0-0 13. Nbd2 Qe7 14. h3 Rc8 15. Bb2 Ne4 16. Nxe4 dxe4 17. Nd2 f5 18. Nb3 Rd8 19. Qc2 f4 20. exf4 Bxf4 21. Bc1 Qg5 22. Bxf4 Qxf4 23. Qc1 Qf6 24. dxc5 Nxc5 25. Nxc5 bxc5 26. Qe3 Rd4 27. Ra1 Rd3 28. Bxd3 Qxa1+ 29. Bf1 Qe5 30. Qd2 Qc7 31. Qg5 h6 32. Qg6 Kf8 33. Qxe6 Qe7 34. Qf5+ Ke8 35. Be2 Kd8 36. Bg4 Kc7 37. Qf4+ Kb6 38. Qb8 e3 39. fxe3 Qxe3+ 40. Kh2 Qe7 41. Bf3 Qc7+ 42. Qxc7+ Kxc7 43. Bxb7 Kxb7 44. Kg3 1-0

[Event "Titled Tuesday intern op 16th Jul Late"]
[Site "Chess.com INT"]
[Date "2024.07.16"]
[Round "1"]
[White "Timmermans, Mark"]
[Black "Celik, Ali Alper"]
[Result "0-1"]
[WhiteElo "2399"]
[BlackElo "2139"]
[PlyCount "106"]
[EventDate "2024.07.16"]
[EventType "swiss (blitz)"]
[EventRounds "11"]
[EventCountry "USA"]
[SourceTitle "EXT 2025"]
[Source "ChessBase"]
[SourceDate "2024.10.14"]
[SourceVersion "1"]
[SourceVersionDate "2024.10.14"]
[SourceQuality "1"]

1. b4 e6 2. Bb2 Nf6 3. b5 Be7 4. c4 b6 5. a4 Bb7 6. e3 a5 7. Nf3 d6 8. Be2 Nbd7 9. 0-0 0-0 10. d4 d5 11. Nc3 Ne4 12. Nxe4 dxe4 13. Nd2 Bf6 14. f3 exf3 15. Bxf3 Bxf3 16. Qxf3 e5 17. Rad1 exd4 18. exd4 Qe7 19. Ne4 Rfe8 20. Nxf6+ Nxf6 21. d5 Ne4 22. Bd4 f6 23. Rde1 Nd2 24. Qd3 Ne4 25. Rf4 Nc5 26. Rxe7 Nxd3 27. Rxe8+ Rxe8 28. Rf1 Re2 29. Rd1 Nf4 30. Bf2 Rc2 31. c5 bxc5 32. Kf1 Kf7 33. Bg3 Nxg2 34. Rb1 Ne3+ 35. Kg1 Nxd5 36. Rd1 Ke6 37. Re1+ Kd7 38. Rd1 c6 39. Bf2 c4 40. Rd4 c3 41. Rc4 cxb5 42. axb5 Rb2 43. Rc5 c2 44. Kg2 Kd6 45. Rc6+ Kd7 46. Rc5 Ne3+ 47. Kf3 Nd1 48. Bg3 Rb3+ 49. Ke2 Rc3 50. Rd5+ Ke6 51. Rd6+ Ke7 52. Bf4 c1Q 53. Bxc1 Kxd6 0-1

[Event "Titled Tuesday intern op 09th Jul Late"]
[Site "Chess.com INT"]
[Date "2024.07.09"]
[Round "1"]
[White "Ruiz Vazquez, Javier"]
[Black "Timmermans, Mark"]
[Result "0-1"]
[WhiteElo "2237"]
[BlackElo "2399"]
[PlyCount "83"]
[EventDate "2024.07.09"]
[EventType "swiss (blitz)"]
[EventRounds "11"]
[EventCountry "USA"]
[SourceTitle "EXT 2025"]
[Source "ChessBase"]
[SourceDate "2024.10.14"]
[SourceVersion "1"]
[SourceVersionDate "2024.10.14"]
[SourceQuality "1"]

1. e4 e5 2. Nf3 Nc6 3. Nc3 Nf6 4. h3 g6 5. Bb5 Bg7 6. 0-0 0-0 7. Bxc6 dxc6 8. d3 Qe7 9. Qe2 Nd7 10. Re1 Nc5 11. Bg5 f6 12. Be3 a5 13. d4 Ne6 14. d5 cxd5 15. Nxd5 Qf7 16. Rad1 b6 17. c4 Bb7 18. b3 Rfd8 19. Qb2 Bf8 20. a3 Nc5 21. Nc3 Nd3 22. Rxd3 Rxd3 23. Nd5 a4 24. bxa4 Rxa4 25. c5 Bxd5 26. exd5 bxc5 27. Bc1 Qxd5 28. Qe2 c4 29. Nd2 Bxa3 30. Bxa3 Rxd2 31. Qg4 Rxa3 32. Qc8+ Qd8 33. Qe6+ Kg7 34. Kh2 c3 35. Rb1 c2 36. Rc1 Rc3 37. h4 Rd1 38. Rxc2 Rxc2 39. h5 Rd6 40. h6+ Kxh6 41. Qh3+ Kg7 42. Qb3 0-1